| 000 | 01630nam a2200241Ia 4500 | ||
|---|---|---|---|
| 001 | IA_Unfortunately the analysis of factory scene in the sugar industry is disappointing, due to it only has a current capacity of sugar production that exceeds by little the domestic demand and that the sugar production has declined. The milling capacity analysis indicates that Mexico has a production capacity on sugar factories, which is equivalent to the estimate to 2016. If it is reducing downtime in a 10%, it may cover the estimated to 2017, and if it is reducing downtime to the minimum, factory has a capacity to 2018. It is clear that it is necessary take joint action either in field or in factories in order to achieve the potential of production and increase production capacity at factory which help México to become a surplus producer and take advantage from exports. | ||
| 002 | MODELO PREDICTIVO DE PRODUCCION DE AZUCAR EN MEXIC | ||
| 008 | 220117s xx 000 0 und d | ||
| 010 | _a184185 | ||
| 530 | _aDisponible en PDF | ||
| 583 | _a1 ej. imp. ; 2 ej. en CD | ||
| 650 |
_aAzúcar de caña _xProducción _9156497 |
||
| 650 |
_aCane sugar _xProduction _9156498 |
||
| 650 |
_aFood production _xPrediction _9156499 |
||
| 650 | 7 |
_aIndustria azucarera _zMéxico _2 _957791 |
|
| 650 |
_aProducción de alimentos _xPredicción _9156500 |
||
| 650 | 0 |
_aSugar industry _zMexico _9148429 |
|
| 700 |
_aEsparza Torres, Félix, asesor _9163648 |
||
| 700 | _aGarcía Chavez, Luis Ramiro, dir. | ||
| 700 |
_aValle Guadarrama, Salvador, asesor _9157554 |
||
| 942 | _cTESIS V45 2010 | ||
| 999 |
_c184185 _d184185 |
||